[Event "Negroponte Open"]
[Site "Chalkis GRE"]
[Date "2010.08.14"]
[Round "6"]
[White "Burmakin,V"]
[Black "Khukhashvili,S"]
[Result "1-0"]
[WhiteElo "2605"]
[BlackElo "2409"]

1.d4 Nf6 2.c4 e6 3.g3 d5 4.Nf3 Be7 5.Bg2 O-O 6.O-O dxc4 7.Qc2 a6 8.a4 Bd7
9.Qxc4 Bc6 10.Bf4 a5 11.Nc3 Na6 12.Ne5 Bxg2 13.Kxg2 Nb4 14.e4 c6 15.Rfd1 Qb6
16.Rd2 Qa6 17.Qxa6 Rxa6 18.f3 h6 19.Rad1 Rc8 20.h4 Kf8 21.g4 Ke8 22.g5 hxg5
23.hxg5 Nh5 24.Be3 g6 25.f4 Bd6 26.Kf3 Raa8 27.Nc4 Bc7 28.Rh1 Rd8 29.Rhd1 Rac8
30.d5 exd5 31.exd5 Nxd5 32.Nxd5 cxd5 33.Rxd5 Rxd5 34.Rxd5 Bxf4 35.b3 Bc7
36.Rb5 Ng7 37.Rxb7 Nf5 38.Bd2 Bd8 39.Nxa5 Nd4+ 40.Ke4 Ne6 41.Rb5 Rc5 42.Rb8 Rc7
43.Nc4 Rd7 44.Be3 Rd1 45.Ne5 Re1 46.Kd3 Ke7 47.Nc6+ Kd7 48.Nxd8 Nxd8 49.a5 Ra1
50.b4 Nc6 51.Rb5 Ke6 52.Bd2 Ne5+ 53.Rxe5+  1-0

[Event "TCh-MKD"]
[Site "Struga MKD"]
[Date "2010.08.14"]
[Round "6"]
[White "Ilic,Zo3"]
[Black "Gotovusa,G"]
[Result "0-1"]
[WhiteElo "2280"]
[BlackElo "2191"]

1.Nf3 Nf6 2.d4 e6 3.g3 d5 4.c4 Be7 5.Bg2 O-O 6.O-O b6 7.Ne5 Bb7 8.Nc3 Ne4
9.Qc2 f6 10.Nd3 Nxc3 11.bxc3 Bd6 12.cxd5 Bxd5 13.e4 Bb7 14.c4 Nc6 15.Bb2 e5
16.c5 Be7 17.dxe5 fxe5 18.cxb6 cxb6 19.Nxe5 Nxe5 20.Bxe5 Bc5 21.Rad1 Qe7
22.Bd4 Rac8 23.Qa4 a6 24.Bxg7 Qxg7 25.Rd7 Rf7 26.Qb3 Kf8  0-1

[Event "Negroponte Open"]
[Site "Chalkis GRE"]
[Date "2010.08.15"]
[Round "7"]
[White "Bosiocic,Mari"]
[Black "Rozentalis,E"]
[Result "1/2-1/2"]
[WhiteElo "2543"]
[BlackElo "2631"]

1.d4 Nf6 2.c4 e6 3.g3 d5 4.Bg2 Be7 5.Nf3 O-O 6.O-O dxc4 7.Qc2 a6 8.Qxc4 b5
9.Qc2 Bb7 10.Bd2 Qc8 11.Rc1 Bd6 12.Bg5 Ne4 13.Nbd2 Nxd2 14.Bxd2 Nd7 15.Ba5 Nf6
16.Ne1 Bxg2 17.Kxg2 Qe8 18.Nd3 e5 19.dxe5 Bxe5 20.Nxe5 Qxe5 21.Bxc7 Qd5+
22.Kg1 Rfe8 23.Qd3 Qxd3 24.exd3 Re2 25.Rab1 Rd2 26.Rd1 Rc2 27.Be5 Nd5 28.Rbc1 Rac8
29.Bc3 Rxc1 30.Rxc1 f6 31.Kf1 Nb4 32.a3  1/2-1/2

[Event "Negroponte Open"]
[Site "Chalkis GRE"]
[Date "2010.08.17"]
[Round "9"]
[White "Bosiocic,Mari"]
[Black "Halkias,S"]
[Result "1-0"]
[WhiteElo "2543"]
[BlackElo "2588"]

1.d4 d5 2.c4 e6 3.g3 Nf6 4.Bg2 Be7 5.Nf3 O-O 6.O-O dxc4 7.Qc2 a6 8.Qxc4 b5
9.Qc2 Bb7 10.Bd2 Ra7 11.Rc1 Be4 12.Qb3 Nc6 13.e3 Qa8 14.Ne1 Nb8 15.f3 Bg6
16.Bb4 Bxb4 17.Qxb4 Nbd7 18.e4 Rc8 19.Nd3 Qb8 20.Qe1 Qa8 21.Qb4 Qb8 22.Qe1 c6
23.Nd2 e5 24.Qf2 exd4 25.Qxd4 Rac7 26.Nb3 a5 27.Nbc5 Nxc5 28.Nxc5 Rd8 29.Qf2 Rcc8
30.Bh3 h5 31.Bxc8 Qxc8 32.h4 Ne8 33.Rd1 Nd6 34.Rd4 Nc4 35.Rad1 Re8 36.f4 f6
37.Kh2 Bf7 38.b3 Na3 39.Rd7 b4 40.e5 Bd5 41.e6 Nb5 42.f5 Nc3 43.Rd2 Qb8 44.Qf4 Qe5
45.Nd3 Qe4 46.Qxe4 Nxe4 47.Rc2 g5 48.Nc5 gxh4 49.gxh4 Nc3 50.Nb7 Nb5 51.Rc5 Nd4
52.Nd6 Nxe6 53.Rxd5  1-0

[Event "9th Mario Covas Jr"]
[Site "Santos BRA"]
[Date "2010.08.17"]
[Round "7"]
[White "El Debs,F"]
[Black "Mareco,S"]
[Result "0-1"]
[WhiteElo "2499"]
[BlackElo "2527"]

1.Nf3 Nf6 2.c4 e6 3.g3 d5 4.d4 Be7 5.Bg2 O-O 6.O-O dxc4 7.Qc2 a6 8.a4 Bd7
9.Qxc4 Bc6 10.Bg5 a5 11.Nc3 Nbd7 12.Qb3 Bb4 13.Rfe1 h6 14.Bxf6 Qxf6 15.e4 Rfd8
16.Qc2 Nb6 17.Red1 Rac8 18.Ne5 Be8 19.f4 Qe7 20.b3 f6 21.Nc4 Bh5 22.Rd3 Nxc4
23.bxc4 Rxd4 24.Rxd4 Bc5 25.Qd3 e5 26.Nd5 Qd8 27.Kh1 Bxd4 28.Rb1 c6 29.Ne3 Bc5
30.Qb3 b6 31.fxe5 fxe5 32.Bh3 Qd2 33.Bg4 Bxg4 34.Nxg4 Qe2 35.Nxe5 Qxe4+ 36.Nf3 Rf8
37.Rf1 Qe2  0-1

[Event "9th Mario Covas Jr"]
[Site "Santos BRA"]
[Date "2010.08.18"]
[Round "8"]
[White "Coelho,L"]
[Black "Mareco,S"]
[Result "0-1"]
[WhiteElo "2381"]
[BlackElo "2527"]

1.d4 Nf6 2.c4 e6 3.g3 d5 4.Bg2 Be7 5.Nf3 O-O 6.O-O dxc4 7.Qc2 a6 8.Qxc4 b5
9.Qc2 Bb7 10.Bd2 Bd6 11.Ng5 Bxg2 12.Kxg2 Qc8 13.Nc3 Qb7+ 14.Kg1 Nbd7 15.a3 Rac8
16.Nge4 e5 17.Be3 Rfe8 18.Rad1 Bf8 19.Nxf6+ Nxf6 20.dxe5 Ng4 21.Bf4 Nxe5
22.Rd5 Ng6 23.Rfd1 Nxf4 24.gxf4 Qc6 25.Qd3 Qg6+ 26.Qxg6 hxg6 27.Kg2 c5 28.Kf3 b4
29.axb4 cxb4 30.Na4 Rc2 31.e3 Be7 32.b3 Bh4 33.R1d2 Rec8 34.Ke2 Rxd2+ 35.Rxd2 Rc1
36.f3 Kf8 37.Rd4 Be7 38.Kd3 Rd1+ 39.Kc4 Rf1 40.Rd7 Rxf3 41.Ra7 f5 42.Rxa6 Rxe3
43.Rxg6 Re4+ 44.Kd5 Kf7 45.Rg2 Rxf4 46.Nb6 Rf1 47.Nc4 Kf6 48.Ne3 Rc1 49.Rf2 Rc5+
50.Kd4 Ke6 51.Ra2 Rc6 52.Nc4 Kf6 53.Ne3 Ke6 54.Nc4 Bc5+ 55.Kd3 Kf6 56.Rg2 Re6
57.Ra2 Re4 58.Ra5 Rd4+ 59.Ke2 Be7 60.Ne3 g6 61.Nd5+ Ke6 62.Nxe7 Kxe7 63.Ra6 Kf7
64.Rb6 Rh4 65.Kf2 g5 66.Kg2 Re4 67.Kf2 Ke7 68.h3 Rf4+ 69.Kg2 Kd7 70.Kh2 Kc7
71.Rg6 Rf2+ 72.Kg3 Rb2 73.Rxg5 Rxb3+ 74.Kg2 f4 75.h4 Kc6 76.h5 Rd3 77.h6 Rd8
78.Kf3 Rf8 79.h7 Rh8 80.Kxf4 Rxh7 81.Ke3 Rd7 82.Rh5 b3 83.Rg5 Rd1 84.Rg8 b2  0-1

[Event "Open"]
[Site "Bratto ITA"]
[Date "2010.08.20"]
[Round "1"]
[White "Landa,K"]
[Black "De Florio,F"]
[Result "1-0"]
[WhiteElo "2598"]
[BlackElo "2174"]

1.d4 d5 2.c4 e6 3.Nf3 Nf6 4.g3 Be7 5.Bg2 O-O 6.O-O Nbd7 7.Qc2 c6 8.Rd1 b6
9.Nbd2 Bb7 10.e4 Rc8 11.b3 Qc7 12.Bb2 Rfd8 13.Rac1 Qb8 14.a3 c5 15.exd5 exd5
16.dxc5 dxc4 17.b4 bxc5 18.b5 Bxf3 19.Bxf3 Qxb5 20.Rb1 Qa6 21.Nxc4 Nb6 22.Rxd8+ Rxd8
23.Ne5 Nbd5 24.Be2 Qc8 25.Bc4 Rd6 26.Rd1 Qb7 27.Rd2 Rb6 28.h4 h6 29.h5 Rd6
30.Nxf7 Kxf7 31.Bxf6 Bxf6 32.Qf5 Kf8 33.Bxd5 Qd7 34.Qe4 Qe7 35.Qc2 Bd4 36.Bc4 Qe1+
37.Kg2 Qe5 38.Re2 Qf6 39.Qh7 Be5 40.f4 Rd1  1-0

[Event "BDO Challengers"]
[Site "Haarlem NED"]
[Date "2010.08.21"]
[Round "1"]
[White "Van Ruitenburg,J"]
[Black "Gijswijt,B"]
[Result "1/2-1/2"]
[WhiteElo "2296"]
[BlackElo "2311"]

1.c4 e6 2.g3 Nf6 3.Bg2 d5 4.Nf3 Be7 5.d4 O-O 6.O-O dxc4 7.Ne5 Nc6 8.Nxc6 bxc6
9.Bxc6 Rb8 10.e3 Bb7 11.Bxb7 Rxb7 12.Nd2 Qd5 13.Qc2 c5 14.dxc5 Rc8 15.Qxc4 Rxc5
16.Qxd5 Nxd5 17.Nb3 Rc8 18.Bd2 Bf6 19.Rac1 Rbc7 20.Rxc7 Rxc7 21.Rd1 Bxb2
22.e4 Nb6 23.Bc3 Ba3 24.Rd8+ Bf8 25.Bd4 f6 26.Bc5 Nd7 27.Bd6 Rc6 28.Rxd7 Bxd6
29.Rxa7 e5 30.Rd7 Ra6 31.Kg2 Bb4 32.Rb7 Bd6 33.Rd7 Bb4 34.Rb7 Bd6 35.Nc1 Ra4
36.Kf3 Bb4 37.Rd7 Bc3 38.Ne2 Bd4 39.Nxd4 exd4 40.h4 h5 41.Kg2 Kf8 42.a3 g6
43.Kf1 Ke8 44.Rg7 d3 45.Ke1 Rxe4+ 46.Kd1 Re5 47.a4 Ra5 48.Kd2 Kf8 49.Rd7  1/2-1/2

[Event "Pan-Armenian Olym"]
[Site "Yerevan ARM"]
[Date "2010.08.21"]
[Round "7"]
[White "Mekhitarian,K"]
[Black "Nakhapetiane,P"]
[Result "1/2-1/2"]
[WhiteElo "2511"]
[BlackElo "2449"]

1.d4 Nf6 2.c4 e6 3.Nf3 d5 4.g3 Be7 5.Bg2 O-O 6.O-O dxc4 7.Qc2 a6 8.a4 Bd7
9.Rd1 Bc6 10.Nc3 Bxf3 11.Bxf3 c6 12.Ne4 Nbd7 13.Nd2 a5 14.Nxc4 Nb6 15.b3 Nbd5
16.e4 Nb4 17.Qe2 Ne8 18.Bb2 Nc7 19.Bg2 Re8 20.h4 Bf8 21.Re1 Nca6 22.Rad1 Qc7
23.Bc1 b6 24.Bf4 Qa7 25.h5 h6 26.Qg4 Kh8 27.Bd6 Rad8 28.e5 Bxd6 29.Nxd6 Rf8
30.Qe2 Nc7 31.Rc1 Ne8 32.Nxe8 Rfxe8 33.Red1 Qd7 34.Be4 Rc8 35.Bb1 Qd5 36.Qe3 Red8
37.Be4 Qd7 38.Qf3 Rc7 39.Bb1 Qd5 40.Be4 Qd7 41.Kg2 Kg8 42.Kh2 Rdc8 43.Qe2 Qd8
44.Bb1 Kf8 45.Rd2 Rd7 46.Rcd1  1/2-1/2

[Event "5th NH Chess Tournament"]
[Site "Amsterdam NED"]
[Date "2010.08.22"]
[Round "10"]
[White "Nielsen,PH"]
[Black "Giri,A"]
[Result "1-0"]
[WhiteElo "2700"]
[BlackElo "2672"]

1.d4 Nf6 2.c4 e6 3.Nf3 d5 4.g3 Be7 5.Bg2 O-O 6.O-O dxc4 7.Qc2 a6 8.a4 Bd7
9.Qxc4 Bc6 10.Bg5 h6 11.Bxf6 Bxf6 12.Nc3 Bxf3 13.Bxf3 c6 14.Qb3 Ra7 15.Ne4 Bxd4
16.Rfd1 Qb6 17.Qd3 c5 18.e3 Be5 19.Rac1 Nc6 20.Nxc5 Rd8 21.Nd7 Qxb2 22.Qc4 b5
23.axb5 axb5 24.Qxc6 Raxd7 25.Qxd7 Rxd7 26.Rc8+ Kh7 27.Rxd7 Kg6 28.h4 Qa3
29.Kg2 Kf6 30.Rb7 Qd6 31.Ra8 b4 32.Raa7 Qf8 33.h5 Bd6 34.Rd7 Be5 35.Rab7 Qe8
36.Bd1 Bc3 37.Bb3 Bd2 38.Kf1 Bc3 39.Ke2 Qg8 40.Bc2 Qe8 41.f4 g5 42.hxg6 fxg6
43.e4 g5 44.e5+ Bxe5 45.Rf7+ Qxf7 46.fxe5+ Kg7 47.Rxf7+ Kxf7 48.g4 Kg7 49.Kf3 Kf7
50.Bb3 Ke7 51.Ke4 Kf7 52.Bd1 Kg7 53.Kd4 Kg6 54.Kc4 h5 55.gxh5+ Kf5 56.h6 Kg6
57.Bg4  1-0

[Event "Open"]
[Site "Bratto ITA"]
[Date "2010.08.22"]
[Round "3"]
[White "Grandadam,N"]
[Black "Vocaturo,D"]
[Result "0-1"]
[WhiteElo "2249"]
[BlackElo "2526"]

1.Nf3 Nf6 2.d4 e6 3.g3 d5 4.Bg2 Be7 5.c4 O-O 6.O-O b6 7.Nc3 Bb7 8.cxd5 exd5
9.Qa4 c5 10.dxc5 bxc5 11.Ne5 Qc8 12.Bg5 Rd8 13.Rfd1 Nc6 14.Nxc6 Bxc6 15.Qa5 d4
16.Bxf6 gxf6 17.Bxc6 Qxc6 18.Na4 c4 19.b3 c3 20.Qf5 c2 21.Rdc1 d3 22.exd3 Ba3
23.d4 Rac8 24.Nc5 Bxc1 25.Rxc1 Rxd4 26.Qxc2 Qd5 27.f3 Rxc5 28.Qxc5 Rd1+ 29.Kg2 Qd2+  0-1

[Event "6th Prospero A Pichay Cup"]
[Site "Manila PHI"]
[Date "2010.08.23"]
[Round "4"]
[White "Cheah,C"]
[Black "De Ramos,Ju"]
[Result "0-1"]
[WhiteElo "2003"]
[BlackElo "2368"]

1.d4 d5 2.c4 e6 3.Nf3 Nf6 4.g3 Be7 5.Bg2 O-O 6.O-O dxc4 7.Qc2 a6 8.Qxc4 b5
9.Qc2 Bb7 10.Bd2 Be4 11.Qc1 Nbd7 12.Nc3 Bb7 13.Bf4 Rc8 14.Rd1 c5 15.dxc5 Bxc5
16.Be3 b4 17.Na4 Be7 18.Qd2 Qa5 19.b3 Rfd8 20.Rac1 Nc5 21.Qb2 Nxa4 22.bxa4 Rxd1+
23.Rxd1 Qxa4 24.Qb3 Qa5 25.Ne1 Bd5 26.Bxd5 Nxd5 27.Bd4 Qb5 28.Nd3 Qc4 29.Rc1 Nc3
30.Bxc3 Qxb3 31.axb3 bxc3 32.Rc2 a5 33.Kf1 Bb4 34.Ke1 f6 35.Kd1 e5 36.f3 Kf7
37.Ra2 Ke6 38.Kc2 Kd5 39.Ra4 Rb8 40.e4+ Kd4 41.Ra1 Ke3 42.f4 Kxe4 43.fxe5 fxe5
44.Re1+ Kd5 45.Nxe5 Rf8 46.Nd3 Rf3 47.Rd1 Ke4 48.Re1+ Re3 49.Rxe3+ Kxe3 50.g4 Kf3
51.g5 Kg4 52.g6 hxg6 53.Ne5+ Kh3 54.Nxg6 Kxh2 55.Nh4 Kh3 56.Ng6 Kg4 57.Kd3 Kg5
58.Ne5 Kf5 59.Nc4 g5 60.Ne3+ Kf4 61.Nd5+ Kf3 62.Nf6 g4  0-1

[Event "6th Prospero A Pichay Cup"]
[Site "Manila PHI"]
[Date "2010.08.23"]
[Round "4"]
[White "Gomez,Joh"]
[Black "Irwanto,S"]
[Result "1-0"]
[WhiteElo "2527"]
[BlackElo "2419"]

1.d4 Nf6 2.c4 e6 3.g3 d5 4.Nf3 Be7 5.Bg2 O-O 6.O-O dxc4 7.Qc2 a6 8.Qxc4 b5
9.Qc2 Bb7 10.Bd2 Be4 11.Qc1 Nbd7 12.Ba5 Ra7 13.Nbd2 Bd5 14.Re1 Ne4 15.Nxe4 Bxe4
16.Qe3 Qa8 17.Rac1 Rc8 18.Ne5 Bxg2 19.Nxd7 Bc6 20.Nc5 Bd5 21.b3 h6 22.Qc3 Bxc5
23.Qxc5 f5 24.f3 Qb7 25.Bd2 Raa8 26.Bf4 Rf8 27.Qb4 a5 28.Qd2 Rf7 29.Rc5 a4
30.Qb4 Bc6 31.Rec1 axb3 32.axb3 Ra6 33.Qd2 Qa8 34.Qe3 Bd5 35.Bxc7 Ra1 36.Be5 Rxc1+
37.Qxc1 Qa2 38.Rc8+ Kh7 39.Rc7  1-0

[Event "6th Prospero A Pichay Cup"]
[Site "Manila PHI"]
[Date "2010.08.24"]
[Round "6"]
[White "Cheah,C"]
[Black "Alidani,L"]
[Result "1-0"]
[WhiteElo "2003"]
[BlackElo "1996"]

1.d4 e6 2.Nf3 d5 3.c4 Nf6 4.g3 Be7 5.Bg2 O-O 6.O-O c6 7.Qc2 b6 8.Nbd2 Bb7
9.e4 Nbd7 10.e5 Ne8 11.b3 Rc8 12.Bb2 Nc7 13.cxd5 cxd5 14.Rac1 Na6 15.Qb1 Nb4
16.a3 Nc6 17.Qd3 a6 18.Ne1 Qe8 19.f4 f5 20.exf6 Nxf6 21.Nef3 Bd6 22.Rfe1 Nd8
23.Rxc8 Bxc8 24.Qc2 Qc6 25.Qxc6 Nxc6 26.Rc1 Bd7 27.Ng5 Re8 28.Bh3 Nd8 29.Bf1 b5
30.b4 Ng4 31.Rc3 Nf7 32.Nxf7 Kxf7 33.Be2 Nf6 34.Kf2 h6 35.h4 Ke7 36.Bf3 Rf8
37.Kg2 a5 38.bxa5 b4 39.axb4 Bxb4 40.Ba3 Bxa3 41.Rxa3 Ra8 42.a6 Ra7 43.Nb3 Bb5
44.Nc5 Nd7 45.Ra5 Nxc5 46.dxc5 Bc4 47.Kf2 Rxa6 48.Rxa6 Bxa6 49.Ke3 Kf6 50.Kd4 Bb7
51.Be2 Bc6 52.Bd3 Bd7 53.g4 Bc6 54.g5+ Ke7 55.Ke5 Be8 56.f5 exf5 57.Bxf5 Bc6
58.Be6 d4 59.Bc4 Bg2 60.Kxd4 Kd7 61.Bd5 Bh3 62.Ke5 Bg4 63.Be4 Kc7 64.c6 hxg5
65.hxg5 Bh3 66.Bf5 Bg2 67.Bd7 g6 68.Kf6 Be4 69.Be8 Kd8 70.Bd7 Bd3 71.Ke5 Kc7
72.Ke6 Bf5+ 73.Kf6 Be4 74.Be8 Kd8 75.c7+ Kxc7 76.Bxg6 Bd5 77.Ke7 Bf3 78.Bf5 Bh5
79.Kf6  1-0

[Event "1st Fermo Festival"]
[Site "Porto San Giorgio ITA"]
[Date "2010.08.24"]
[Round "4"]
[White "Prohaszka,P2"]
[Black "Naumkin,I"]
[Result "1/2-1/2"]
[WhiteElo "2526"]
[BlackElo "2466"]

1.d4 Nf6 2.c4 e6 3.g3 d5 4.Nf3 Be7 5.Bg2 O-O 6.O-O dxc4 7.Qc2 a6 8.a4 Nc6
9.Qxc4 Qd5 10.Nbd2 Qh5 11.Nb3 Rd8 12.Bf4 Nd5 13.Ne5 Nxe5 14.dxe5 Bd7 15.Bf3 Qg6
16.Be4 Qh5 17.Bf3 Qg6 18.Be4 Qh5 19.Bf3  1/2-1/2

[Event "TCh-SRB 1st League"]
[Site "Vrnjacka Banja SRB"]
[Date "2010.08.24"]
[Round "4"]
[White "Efimenko,Z"]
[Black "Sakaev,K"]
[Result "1/2-1/2"]
[WhiteElo "2689"]
[BlackElo "2607"]

1.d4 d5 2.c4 e6 3.Nf3 Nf6 4.g3 Be7 5.Bg2 O-O 6.O-O dxc4 7.Ne5 Nc6 8.Nxc6 bxc6
9.Na3 Bxa3 10.bxa3 Ba6 11.Qd2 Rb8 12.Qa5 Qc8 13.a4 Rd8 14.Ba3 Rxd4 15.Rab1 Rb6
16.Bc5 Rd5 17.Bxd5 cxd5 18.Bxb6 axb6 19.Qb4 Nd7 20.a5 b5 21.Qe7 c5 22.f4 d4
23.f5 e5 24.f6 gxf6 25.g4 h6 26.Rf5  1/2-1/2

[Event "6th Prospero A Pichay Cup"]
[Site "Manila PHI"]
[Date "2010.08.25"]
[Round "8"]
[White "Laylo,D"]
[Black "Irwanto,S"]
[Result "1/2-1/2"]
[WhiteElo "2522"]
[BlackElo "2419"]

1.d4 Nf6 2.c4 e6 3.Nf3 d5 4.g3 Be7 5.Bg2 O-O 6.O-O dxc4 7.Qc2 a6 8.Qxc4 b5
9.Qc2 Bb7 10.Bd2 Be4 11.Qc1 Nbd7 12.Ba5 Rc8 13.Nbd2 Ba8 14.Qc2 Nb8 15.a3 Nc6
16.Bc3 a5 17.Nb3 a4 18.Nc5 Nb8 19.Rad1 Qe8 20.Bb4 Nbd7 21.Nd3 Bd5 22.Rc1 Bxb4
23.Nxb4 Be4 24.Qd2 c5 25.dxc5 Nxc5 26.Qe3 Nb3 27.Rxc8 Qxc8 28.Ne5 Bxg2 29.Kxg2 Qb7+
30.f3 Nd5 31.Nxd5  1/2-1/2

[Event "6th Geller Memorial Open A"]
[Site "Odessa UKR"]
[Date "2010.08.25"]
[Round "5"]
[White "Aliferenko,A"]
[Black "Afanasjev,A"]
[Result "1-0"]
[WhiteElo "2182"]
[BlackElo "2061"]

1.d4 Nf6 2.c4 e6 3.g3 d5 4.Bg2 Be7 5.Nf3 O-O 6.O-O c5 7.cxd5 exd5 8.Nc3 Nc6
9.h3 Re8 10.Bf4 Bf5 11.Rc1 c4 12.Ne5 Rc8 13.g4 Be6 14.e3 h6 15.Bg3 Nh7 16.f4 f6
17.Ng6 Bf7 18.Nxe7+ Rxe7 19.Re1 Nb4 20.Re2 Nd3 21.Rb1 f5 22.gxf5 Nf6 23.Bh4 Qd7
24.Bxf6 gxf6 25.b3 b5 26.bxc4 bxc4 27.Rb5 Qxf5 28.Nxd5 Bxd5 29.Bxd5+ Kh8
30.Kh2 a6 31.Rb7 Rxe3 32.Rxe3 Qxd5 33.Ree7 Qxb7 34.Rxb7  1-0

[Event "TCh-ESP CECLUB Honor"]
[Site "Sestao ESP"]
[Date "2010.08.25"]
[Round "3"]
[White "Caruana,F"]
[Black "Zhigalko,S"]
[Result "1/2-1/2"]
[WhiteElo "2697"]
[BlackElo "2656"]

1.d4 Nf6 2.c4 e6 3.g3 d5 4.Nf3 Be7 5.Bg2 O-O 6.O-O dxc4 7.Qc2 a6 8.Qxc4 b5
9.Qc2 Bb7 10.Bd2 Bd6 11.Re1 Be4 12.Qc1 Bb7 13.Bg5 Nbd7 14.Nbd2 c5 15.Bxf6 gxf6
16.Nb3 c4 17.Nbd2 Rc8 18.a3 Qa5 19.Nh4 Bxg2 20.Nxg2 c3 21.Ne4 cxb2 22.Nxf6+ Nxf6
23.Qg5+ Kh8 24.Qxf6+ Kg8 25.Qg5+ Kh8 26.Qf6+  1/2-1/2

[Event "Open"]
[Site "Baku AZE"]
[Date "2010.08.26"]
[Round "4"]
[White "Miroshnichenko,E"]
[Black "Guliev,L"]
[Result "1-0"]
[WhiteElo "2686"]
[BlackElo "2437"]

1.Nf3 Nf6 2.c4 e6 3.g3 d5 4.Bg2 Be7 5.d4 O-O 6.Qc2 c5 7.O-O cxd4 8.Nxd4 Nc6
9.Nxc6 bxc6 10.b3 Ba6 11.Rd1 Qb6 12.Nc3 Rac8 13.Na4 Qa5 14.Bd2 Qc7 15.Rac1 Ba3
16.Rb1 Be7 17.Be3 e5 18.Nc5 Bxc5 19.Bxc5 Rfe8 20.e3 Nd7 21.Ba3 Qa5 22.Bh3 Rcd8
23.Bb2 Nb6 24.cxd5 cxd5 25.Qd2 Qxa2 26.Qc2 Rc8 27.Bxc8 Rxc8 28.Ra1 Rxc2 29.Rxa2 Bb5
30.Rc1 Rxc1+ 31.Bxc1 a6 32.f4 f6 33.fxe5 fxe5 34.Rf2 d4 35.Rf5 Nd7 36.exd4 exd4
37.Kf2 d3 38.Ke3 Nf6 39.h4 h6 40.Bd2 Kf7 41.Bc3 Ke6 42.Re5+ Kd6 43.Kd4 Kd7
44.Bb4 Ng8 45.g4 Kd8 46.g5 hxg5 47.hxg5 Kd7 48.Kc3 g6 49.Kd2 Kd8  1-0

[Event "Open"]
[Site "Bratto ITA"]
[Date "2010.08.26"]
[Round "7"]
[White "Dziuba,M"]
[Black "Kovalyov,A"]
[Result "1/2-1/2"]
[WhiteElo "2582"]
[BlackElo "2599"]

1.d4 Nf6 2.c4 e6 3.g3 d5 4.Nf3 Be7 5.Bg2 O-O 6.O-O c6 7.Qc2 b6 8.Rd1 Nbd7
9.Bf4 Ba6 10.Ne5 Rc8 11.Nc3 Nh5 12.Bd2 Nhf6 13.Bf4 Nh5 14.Be3 Bxc4 15.Nxc4 dxc4
16.Ne4 b5 17.b3 Nb6 18.Bd2 Nf6 19.Ba5 Qc7 20.bxc4 bxc4 21.Bxb6  1/2-1/2

[Event "7th Open"]
[Site "Kalamaria GRE"]
[Date "2010.08.26"]
[Round "2"]
[White "Malikentzos,S"]
[Black "Mastrovasilis,D"]
[Result "1/2-1/2"]
[WhiteElo "2239"]
[BlackElo "2583"]

1.Nf3 Nf6 2.d4 d5 3.c4 e6 4.g3 Be7 5.Bg2 O-O 6.O-O c6 7.Nc3 Nbd7 8.Bf4 b6
9.cxd5 exd5 10.Rc1 Bb7 11.Ne1 Re8 12.Nd3 Nf8 13.b4 Ng6 14.Qb3 a5 15.bxa5 Rxa5
16.a4 Ba6 17.Bd2 Bc4 18.Qc2 b5 19.Rb1 Qa8 20.axb5 cxb5 21.Nb2 Qa6 22.Nd3 Ra3
23.Bc1 Ra5 24.Nb4 Qe6 25.Re1 Bxb4 26.Rxb4 Ne7 27.Rb2 Nc6 28.Qd2 b4 29.Nd1 Ne4
30.Bxe4 Qxe4 31.Ne3 Ra1 32.Nc2 Ra4 33.f3 Qe7 34.e4 dxe4 35.Rxe4 Qd8 36.Rxe8+ Qxe8
37.Nxb4 Nxd4 38.Kf2 Nb3 39.Qc3 Qe6 40.Nd3 h6 41.Nf4 Qb6+ 42.Be3 Qb5 43.h4 f6
44.Ne2 Qd5 45.Nc1 Nxc1 46.Qxc1 Ra8 47.Rd2 Qe6 48.Qc2 Re8 49.Qe4 Qc8 50.Qc2 Qe6
51.Qe4 Qf7 52.Qc6 Be6 53.Qb6 Bd7 54.Qa7 Bc6 55.Qxf7+  1/2-1/2

[Event "Open"]
[Site "Baku AZE"]
[Date "2010.08.28"]
[Round "6"]
[White "Ibrahimov,R"]
[Black "Mammadov,A"]
[Result "1/2-1/2"]
[WhiteElo "2534"]
[BlackElo "2327"]

1.Nf3 d5 2.d4 Nf6 3.c4 e6 4.g3 Be7 5.Bg2 O-O 6.O-O dxc4 7.Qc2 a6 8.a4 Bd7
9.Rd1 Bc6 10.Nc3 a5 11.e4 Na6 12.Ne5 Nb4 13.Qe2 Nd3 14.Nxc4 Nxc1 15.Raxc1 Bb4
16.b3 Qe7 17.Na2 Rfd8 18.Ne5 Be8 19.Nxb4 Qxb4 20.Qc4 Qxc4 21.Nxc4 Kf8 22.f3 Nd7
23.Kf2 Nb8 24.Ke3 Nc6 25.Na3 Rac8 26.Nb5 Nb4 27.Nxc7 Bc6 28.Nb5  1/2-1/2

[Event "TCh-ESP CECLUB Honor"]
[Site "Sestao ESP"]
[Date "2010.08.28"]
[Round "6"]
[White "Meier,Geo"]
[Black "Kasimdzhanov,R"]
[Result "1/2-1/2"]
[WhiteElo "2648"]
[BlackElo "2699"]

1.d4 Nf6 2.c4 e6 3.Nf3 d5 4.g3 Be7 5.Bg2 O-O 6.O-O dxc4 7.Qc2 a6 8.a4 Bd7
9.Qxc4 Bc6 10.Bg5 Bd5 11.Qd3 c5 12.Nc3 Bc6 13.Rfd1 Qa5 14.Qc4 cxd4 15.Bxf6 Bxf6
16.Nxd4 Bxd4 17.Rxd4 Bxg2 18.Kxg2 Nc6 19.Rd7 Rab8 20.Qf4 Qb6 21.Rb1 Ne5  1/2-1/2

[Event "9th Georgiev-Kesarovski Mem"]
[Site "Sunny Beach BUL"]
[Date "2010.08.28"]
[Round "1"]
[White "Filip,L"]
[Black "Mazura,T"]
[Result "1-0"]
[WhiteElo "2470"]
[BlackElo "2028"]

1.Nf3 d5 2.d4 Nf6 3.c4 e6 4.g3 Be7 5.Bg2 O-O 6.Qc2 b6 7.O-O Bb7 8.cxd5 exd5
9.Bf4 Na6 10.Nc3 c5 11.Rad1 Nb4 12.Qb1 h6 13.a3 Na6 14.Ne5 Qc8 15.dxc5 Qxc5
16.Rc1 Qa5 17.Bd2 d4 18.Nd5 Qxd5 19.Bxd5 Bxd5 20.b4 Bd6 21.Nc6 Ne4 22.Qd3 Nxd2
23.Qxd2 Bxc6 24.Rxc6 Be5 25.f4 Bf6 26.Qd3 Nb8 27.Rd6 Rc8 28.Qe4 Na6 29.Rd7  1-0

[Event "9th Georgiev-Kesarovski Mem"]
[Site "Sunny Beach BUL"]
[Date "2010.08.28"]
[Round "1"]
[White "Todorov,O"]
[Black "Danov,Lyubomir"]
[Result "1-0"]
[WhiteElo "2303"]
[BlackElo "1941"]

1.d4 d5 2.c4 e6 3.Nf3 Nf6 4.g3 Be7 5.Bg2 O-O 6.Qc2 c6 7.O-O Nbd7 8.Rd1 b6
9.b3 Bb7 10.Nc3 Rc8 11.e4 Nxe4 12.Nxe4 dxe4 13.Qxe4 Nf6 14.Qe2 Qc7 15.Bf4 Bd6
16.Bxd6 Qxd6 17.Ne5 Rfd8 18.Rac1 Qe7 19.Qe3 Nd7 20.Nf3 Nf6 21.c5 Nd5 22.Qe1 Rc7
23.a4 Ba6 24.Ne5 Qe8 25.cxb6 axb6 26.a5 Rb8 27.Bxd5 exd5 28.Nxc6 Qxc6 29.Rxc6 Rxc6
30.Rc1 Re6 31.Qb4 g6 32.h4 Kg7 33.Qd2 bxa5 34.Qxa5 Rb5 35.Qd8 h5 36.Qg5 Rxb3
37.Qxd5 Rb5 38.Qa2 Rf5 39.d5 Rd6 40.Rc6 Rxc6 41.dxc6 Bc8 42.Qb2+ Kh7 43.Qc3 Rd5
44.f3 Rd8 45.c7 Re8 46.Kf2 Kg8 47.Qc6 Kf8 48.Qf6 Bf5 49.Qh8+ Ke7 50.Qd4 Rc8
51.Qe5+ Be6 52.g4 hxg4 53.fxg4 Kd7 54.h5 gxh5 55.gxh5 Rxc7 56.h6 Rc8 57.h7 Ke7
58.h8=Q  1-0

[Event "TCh-SUI 2010"]
[Site "Switzerland SUI"]
[Date "2010.08.28"]
[Round "6.1"]
[White "Bindrich,F"]
[Black "Bauer,Ch"]
[Result "1-0"]
[WhiteElo "2512"]
[BlackElo "2610"]

1.d4 Nf6 2.c4 e6 3.Nf3 d5 4.g3 Be7 5.Bg2 O-O 6.O-O dxc4 7.Qc2 a6 8.Qxc4 b5
9.Qc2 Bb7 10.Bd2 Be4 11.Qb3 Nc6 12.e3 Bd5 13.Qc2 Ra7 14.Rc1 Qa8 15.Qd1 b4
16.Qf1 Rd8 17.Be1 e5 18.dxe5 Ng4 19.e6 fxe6 20.e4 Bxe4 21.Qc4 Bf5 22.h3 Na5
23.Qe2 Nf6 24.Ng5 Qc8 25.g4 Bd3 26.Qxe6+ Qxe6 27.Nxe6 Re8 28.f4 c6 29.Nd2 Bd6
30.f5 Rae7 31.Nb3 Nxb3 32.axb3 Be5 33.Ra2 h5 34.Bxb4 hxg4 35.Bxe7 Rxe7 36.Ra5 gxh3
37.Rxe5 hxg2 38.Rxc6 Bb5 39.Rc8+ Ne8 40.Kxg2 Kf7 41.Ng5+ Kf6 42.Rxe7 Kxe7
43.Kg3 Kd7 44.Rc1 Nf6 45.Ne6  1-0

[Event "TCh-SRB 1st League"]
[Site "Vrnjacka Banja SRB"]
[Date "2010.08.28"]
[Round "8"]
[White "Tadic,Br"]
[Black "Svetushkin,D"]
[Result "1/2-1/2"]
[WhiteElo "2543"]
[BlackElo "2560"]

1.Nf3 d5 2.d4 Nf6 3.c4 e6 4.g3 Be7 5.Bg2 O-O 6.Qc2 c5 7.dxc5 Qa5+ 8.Qc3 Qxc5
9.cxd5 Nxd5 10.Qxc5 Bxc5 11.Bd2 Nd7 12.O-O b6 13.Nc3 Nxc3 14.Bxc3 Ba6 15.b4 Be7
16.Rfd1 Nf6 17.Nd4 Rac8 18.b5 Rxc3 19.bxa6 Ra3 20.Bb7 Nd5 21.Nb5 Ra4 22.Nxa7 Nb4
23.Rd4 Bf6 24.Rxb4 Rxb4 25.Rc1 b5 26.e3 Rb2 27.Rc8 Be7 28.Rc6 Rxa2 29.Nc8 Rxc8
30.Bxc8 g6 31.Kg2 Kf8 32.Kf3 b4 33.Rb6 Ra4 34.Ke4 Bc5 35.Rb5 Be7 36.Rb6 Bc5
37.Rb5  1/2-1/2

[Event "Centenary IM"]
[Site "Dun Laoghaire IRL"]
[Date "2010.08.29"]
[Round "9"]
[White "Daly,C"]
[Black "Short,P"]
[Result "1/2-1/2"]
[WhiteElo "2322"]
[BlackElo "2296"]

1.d4 d5 2.c4 e6 3.Nf3 Nf6 4.g3 Be7 5.Bg2 O-O 6.Nbd2 b6 7.O-O Bb7 8.Qc2 Nbd7
9.b3 c5 10.dxc5 bxc5 11.e3 Qb6 12.Bb2 a5 13.Rab1 Rfd8 14.Rfd1 Bc6 15.a4 Qb7
16.cxd5 exd5 17.Ne5 Nxe5 18.Bxe5 Rac8 19.Bxf6 Bxf6 20.Qxc5 d4 21.Bxc6 Rxc6
22.Qxa5 dxe3 23.Ne4 exf2+ 24.Nxf2 Rcd6 25.Rxd6 Rxd6 26.Qe1 g6 27.Qe4 Qb6
28.Qf3 Bd4 29.Kg2 Bxf2 30.Qxf2 Qb4 31.Kg1 Rd3 32.Rf1 Qxb3 33.a5 Qd5 34.a6 Rd2
35.Qf3 Qxf3 36.Rxf3 Ra2 37.Rf6 Kg7 38.Rb6 Kh6 39.Rf6  1/2-1/2

[Event "TCh-SRB 1st League"]
[Site "Vrnjacka Banja SRB"]
[Date "2010.08.30"]
[Round "10"]
[White "Antic,De"]
[Black "Svetushkin,D"]
[Result "0-1"]
[WhiteElo "2504"]
[BlackElo "2560"]

1.d4 Nf6 2.c4 e6 3.Nf3 d5 4.g3 Be7 5.Bg2 O-O 6.O-O dxc4 7.Qc2 a6 8.a4 Bd7
9.Qxc4 Bc6 10.Bf4 a5 11.Nc3 Na6 12.Ne5 Bxg2 13.Kxg2 Nd5 14.Rad1 Nab4 15.Bc1 Nxc3
16.bxc3 Nd5 17.Qb3 Nb6 18.Ba3 Bxa3 19.Qxa3 Qd6 20.Ra1 f6 21.Nf3 Qc6 22.Rfe1 Rae8
23.e4 Nc4 24.Qc5 Qxc5 25.dxc5 e5 26.Rab1 b6 27.Red1 Rd8 28.Rd5 Kf7 29.cxb6 cxb6  0-1

[Event "TCh-SRB 1st League"]
[Site "Vrnjacka Banja SRB"]
[Date "2010.08.31"]
[Round "11"]
[White "Savic,Miod1"]
[Black "Strikovic,A"]
[Result "1/2-1/2"]
[WhiteElo "2477"]
[BlackElo "2554"]

1.d4 Nf6 2.c4 e6 3.g3 d5 4.Nf3 Be7 5.Bg2 O-O 6.O-O Nbd7 7.Qb3 c5 8.cxd5 exd5
9.Nc3 c4 10.Qc2 Bd6 11.Bg5 Qa5 12.Bd2 Re8 13.e4 dxe4 14.Nxe4 Qc7 15.Nxd6 Qxd6
16.Qxc4 Nb6 17.Qc5 Qd8 18.Ne5 Nfd5 19.a4 Be6 20.a5 Rc8 21.Qb5 a6 22.Qb3 f6
23.axb6 fxe5 24.Bg5 Qd6 25.dxe5 Qxb6 26.Qxb6 Nxb6 27.Bxb7 Rb8 28.Bxa6 Nd7
29.f4 Rxb2 30.Rac1 h6 31.Bh4 g5 32.fxg5 Nxe5 33.gxh6 Bd5 34.Rf2 Nf3+ 35.Rxf3 Bxf3
36.Rc8 Rxc8 37.Bxc8 Rg2+ 38.Kf1 Rxh2  1/2-1/2